Normal view
MARC view
Entry Personal Name
001 - CONTROL NUMBER
- control field: 24384
003 - CONTROL NUMBER IDENTIFIER
- control field: ARRUPE
005 - DATE AND TIME OF LATEST TRANSACTION
- control field: 20160516151437.0
008 - FIXED-LENGTH DATA ELEMENTS
- fixed length control field: 160516|| aca||aabn | a|a d
040 ## - CATALOGING SOURCE
- Original cataloging agency: ARRUPE
- Transcribing agency: ARRUPE
100 ## - HEADING--PERSONAL NAME
- Personal name: Uhlfelder, Myra L.
670 ## - SOURCE DATA FOUND
- Source citation: Work cat.: (ARRUPE)7206: Uhlfelder, Myra L., Saint Benedict, 1967